Score 0/44 Timer 08:00
0 Plays Today
Continent Country % Correct
EuropeUK
96.4%
EuropeSweden
94.2%
EuropeNorway
93.1%
EuropeSpain
92.3%
EuropeDenmark
91.8%
EuropeNetherlands
89.5%
OceaniaAustralia
89%
EuropeBelgium
87.8%
AsiaSaudi Arabia
87.7%
OceaniaNew Zealand
87.1%
EuropeLuxembourg
86.2%
North AmericaCanada
86.1%
EuropeMonaco
85.5%
AsiaThailand
83.8%
EuropeLiechtenstein
82.8%
AsiaJapan
82.1%
AsiaUAE
82%
EuropePrincipality of Andorra
80.8%
North AmericaJamaica
80.2%
AsiaOman
80.1%
AsiaQatar
79.9%
AsiaJordan
78.8%
Continent Country % Correct
AsiaBahrain
78.5%
AfricaSwaziland
76.7%
AsiaBhutan
76.2%
North AmericaBahamas
76.2%
North AmericaBarbados
75.5%
EuropeVatican City
75.3%
AsiaKuwait
75%
OceaniaTonga
74.9%
AsiaBrunei
74.8%
AfricaLesotho
74.6%
North AmericaSt Kitts and Nevis
74%
AfricaMorocco
73.4%
AsiaMalaysia
70.6%
North AmericaSt Vincent and the Grenadines
70.1%
North AmericaSt Lucia
69.9%
OceaniaTuvalu
69%
North AmericaAntigua and Barbuda
69%
AsiaCambodia
68.3%
North AmericaGrenada
67.7%
North AmericaBelize
65.1%
OceaniaPapua New Guinea
64.8%
OceaniaSolomon Islands
64.8%

You're not logged in!

Compare scores with friends on all Sporcle quizzes.
OR
Log In

Sporcle TV

Today on Sporcle TV


Watch our educational content, quiz creation guides, and fun videos on Sporcle TV.

Show Comments

Extras

Top Quizzes Today


Score Distribution

Paid Content

Your Account Isn't Verified!

In order to create a playlist on Sporcle, you need to verify the email address you used during registration. Go to your Sporcle Settings to finish the process.

Report this User

Report this user for behavior that violates our Community Guidelines.

Details: